000 00789cab a2200289 4500
001 WB3001-30
008 090401t1994 xxu||||| |||| 00| 0 eng d
035 _a(Sirsi) u42052
041 _aeng
100 _aMacDonagh, L.
245 _aLandfill dangers
260 _c1994
350 _a0
490 _aCSW - The Property Week
_v46(1) 6 January 1994, 36-37(1)
520 _aDiscusses contamination problems arising from closed landfill sites and who is liable for clean-up costs.
650 _aCLEAN-UP COSTS
650 _aCONTAMINATED LAND
650 _aContamination
_96231
650 _aLANDFILL SITES
650 _aLIABILITY
650 _aMETHANE
650 _aWASTE DISPOSAL
650 _aWASTE MANAGEMENT
690 _aLAND
942 _n0
948 _c04/03/1997
999 _c27012
_d27012